Statistics for European cities - Largest by Latitude/Longitude block

Click here to take the quiz!

General Stats

  • This quiz has been taken 349 times
  • The average score is 55 of 123

Answer Stats

LAT/LONG CITY % Correct
50-52 N - 0-5 WLondon (7,421k - gb)
97%
48-50 N - 0-5 EParis (2,110k - fr)
97%
58-60 N - 15-20 EStockholm (1,253k - se)
95%
52-54 N - 10-15 EBerlin (3,398k - de)
94%
58-60 N - 10-15 EOslo (808k - no)
94%
40-42 N - 10-15 ERome (2,643k - it)
94%
40-42 N - 0-5 WMadrid (3,102k - es)
94%
40-42 N - 0-5 EBarcelona (1,570k - es)
93%
38-40 N - 5-10 WLisbon (517k - pt)
92%
44-46 N - 5-10 EMilan (1,156k - it)
92%
54-56 N - 10-15 ECopenhagen (1,089k - dk)
92%
52-54 N - 5-10 WDublin (1,024k - ie)
91%
48-50 N - 15-20 EVienna (1,569k - at)
90%
60-62 N - 20-25 EHelsinki (558k - fi)
90%
52-54 N - 0-5 EAmsterdam (745k - nl)
89%
50-52 N - 0-5 EBrussels (1,019k - be)
89%
36-38 N - 20-25 EAthens (729k - gr)
89%
52-54 N - 20-25 EWarsaw (1,651k - pl)
88%
48-50 N - 10-15 EMunich (1,246k - de)
88%
64-66 N - 20-25 WReykjavík (113k - is)
86%
54-56 N - 0-5 WGlasgow (610k - gb)
86%
44-46 N - 25-30 EBucharest (1,877k - ro)
85%
42-44 N - 5-10 EMarseille (792k - fr)
84%
50-52 N - 30-35 EKiev (2,514k - ua)
84%
44-46 N - 0-5 ELyon (463k - fr)
83%
46-48 N - 15-20 EBudapest (1,708k - hu)
83%
50-52 N - 10-15 EPrague (1,154k - cz)
82%
46-48 N - 5-10 EZurich (346k - ch)
82%
56-58 N - 20-25 ERiga (742k - lv)
81%
44-46 N - 20-25 EBelgrade (1,115k - rs)
78%
52-54 N - 25-30 EMinsk (1,742k - by)
77%
44-46 N - 15-20 EZagreb (698k - hr)
77%
54-56 N - 25-30 EVilnius (542k - lt)
76%
42-44 N - 20-25 ESofia (1,062k - bg)
76%
52-54 N - 0-5 WBirmingham (984k - gb)
74%
54-56 N - 5-10 WBelfast (585k - gb)
74%
40-42 N - 5-10 WPorto (249k - pt)
72%
50-52 N - 5-10 ECologne (968k - de)
70%
36-38 N - 5-10 WSevilla (686k - es)
69%
38-40 N - 0-5 WValencia (769k - es)
69%
60-62 N - 5-10 EBergen (214k - no)
68%
42-44 N - 15-20 ESarajevo (696k - ba)
66%
58-60 N - 20-25 ETallinn (394k - ee)
65%
40-42 N - 15-20 ETirana (374k - al)
64%
38-40 N - 10-15 EPalermo (669k - it)
64%
50-52 N - 15-20 ECracow (755k - pl)
63%
44-46 N - 0-5 WBordeaux (219k - fr)
63%
56-58 N - 0-5 WAberdeen (183k - gb)
62%
50-52 N - 5-10 WCork (188k - ie)
58%
42-44 N - 0-5 WBilbao (349k - es)
57%
48-50 N - 5-10 EStuttgart (591k - de)
54%
42-44 N - 10-15 EFlorence (347k - it)
52%
46-48 N - 0-5 WNantes (284k - fr)
52%
56-58 N - 10-15 EGöteborg (515k - se)
51%
54-56 N - 15-20 EGdansk (461k - pl)
51%
62-64 N - 10-15 ETrondheim (146k - no)
49%
46-48 N - 25-30 EChisinau (713k - md)
49%
36-38 N - 0-5 WMálaga (557k - es)
49%
40-42 N - 20-25 EThessaloníki (354k - gr)
49%
46-48 N - 10-15 ELjubljana (255k - si)
48%
42-44 N - 0-5 EToulouse (411k - fr)
48%
38-40 N - 0-5 EPalma (378k - es)
46%
52-54 N - 5-10 EBremen (546k - de)
44%
46-48 N - 30-35 EOdesa (1,001k - ua)
44%
64-66 N - 25-30 EOulu (128k - fi)
39%
28-30 N - 15-20 WLas Palmas (365k - es)
39%
68-70 N - 15-20 ETromsø (52k - no)
38%
44-46 N - 10-15 EBologna (367k - it)
34%
48-50 N - 0-5 WRennes (213k - fr)
33%
38-40 N - 5-10 ECagliari (157k - it)
33%
58-60 N - 5-10 EStavanger (173k - no)
32%
48-50 N - 20-25 ELvov (830k - ua)
30%
34-36 N - 25-30 EIráklion (137k - gr)
30%
56-58 N - 5-10 EAalborg (122k - dk)
29%
66-68 N - 25-30 ERovaniemi (34k - fi)
25%
54-56 N - 20-25 EKaunas (374k - lt)
25%
34-36 N - 5-10 WCeuta (71k - es)
25%
36-38 N - 15-20 ECatania (307k - it)
24%
62-64 N - 20-25 EUmeå (74k - se)
23%
42-44 N - 5-10 WVigo (286k - es)
23%
52-54 N - 15-20 EPoznan (570k - pl)
23%
34-36 N - 0-5 WMelilla (66k - es)
21%
42-44 N - 25-30 EVarna (307k - bg)
19%
32-34 N - 15-20 WFunchal (98k - pt)
19%
64-66 N - 20-25 ELuleå (45k - se)
17%
64-66 N - 15-20 WAkureyri (16k - is)
16%
60-62 N - 10-15 ELillehammer (19k - no)
15%
66-68 N - 10-15 EBodø (33k - no)
14%
46-48 N - 0-5 ETours (135k - fr)
14%
38-40 N - 15-20 EMessina (237k - it)
12%
66-68 N - 20-25 EKiruna (17k - se)
12%
62-64 N - 25-30 EKuopio (89k - fi)
11%
50-52 N - 20-25 ELublin (360k - pl)
10%
46-48 N - 20-25 ECluj-Napoca (316k - ro)
10%
60-62 N - 25-30 ELahti (98k - fi)
9%
38-40 N - 20-25 EPátrai (163k - gr)
9%
52-54 N - 30-35 EGomel (481k - by)
8%
58-60 N - 25-30 ETartu (101k - ee)
7%
62-64 N - 15-20 ESundsvall (48k - se)
6%
60-62 N - 15-20 EGävle (68k - se)
6%
34-36 N - 10-15 EBirkirkara (21k - mt)
6%
34-36 N - 20-25 EKhaniá (54k - gr)
6%
36-38 N - 25-30 WPonta Delgada (20k - pt)
6%
28-30 N - 10-15 WArrecife (48k - es)
5%
36-38 N - 25-30 ERódos (56k - gr)
5%
54-56 N - 5-10 EFlensburg (85k - de)
4%
62-64 N - 5-10 EMolde (18k - no)
4%
40-42 N - 5-10 ESassari (119k - it)
4%
36-38 N - 10-15 EMarsala (80k - it)
3%
56-58 N - 15-20 EKalmar (34k - se)
3%
48-50 N - 30-35 EPoltava (317k - ua)
2%
56-58 N - 25-30 ERezekne (38k - lv)
1%
38-40 N - 25-30 EMitilíni (28k - gr)
1%
48-50 N - 35-40 EMakiyivka (376k - ua)
0%
54-56 N - 30-35 EOrsha (125k - by)
0%
40-42 N - 25-30 EHaskovo (78k - bg)
0%
44-46 N - 30-35 EYevpatoriya (105k - ua)
0%
44-46 N - 35-40 EKerch (152k - ua)
0%
46-48 N - 35-40 EZaporizhzhya (796k - ua)
0%
50-52 N - 35-40 EVolchansk (19k - ua)
0%
50-52 N - 25-30 EZhytomyr (282k - ua)
0%
48-50 N - 25-30 EVinnytsya (352k - ua)
0%
26-28 N - 15-20 WTelde (95k - es)
0%

Score Distribution

Percentile by Number Answered

Percent of People with Each Score

Your Score History

You have not taken this quiz